Теория и практика бурения наклонных скважин: тематический сборник научных трудов

Библиографические подробности
Автор-организация: Азербайджанский институт нефти и химии им. М. Азизбекова
Другие авторы: Гулизаде М. П. (редактор)
Язык:русский
Опубликовано: Баку, Изд-во АзИНЕФТЕХИМа, 1981
Предметы:
Формат: MixedMaterials Книга
Запись в KOHA:https://koha.lib.tpu.ru/cgi-bin/koha/opac-detail.pl?biblionumber=364633

MARC

LEADER 00000nam0a2200000 4500
001 364633
005 20231102011716.0
035 |a (RuTPU)RU\TPU\retro\21991 
090 |a 364633 
100 |a 20211123d1981 km y0rusy50 ca 
101 0 |a rus 
102 |a AZ 
105 |a a z 001zy 
200 1 |a Теория и практика бурения наклонных скважин  |e тематический сборник научных трудов  |f Азербайджанский институт нефти и химии им. М. Азизбекова ; под ред. М. П. Гулизаде 
210 |a Баку  |c Изд-во АзИНЕФТЕХИМа  |d 1981 
215 |a 97 с.  |c ил. 
320 |a Библиогр. в конце ст. 
606 1 |a Бурение наклонных скважин  |2 stltpush  |3 (RuTPU)RU\TPU\subj\30356  |9 53477 
610 1 |a автоматизированное прогнозирование 
610 1 |a бурильные колонны 
610 1 |a винтовые забойные двигатели 
610 1 |a оптимальные параметры 
610 1 |a режимы бурения 
610 1 |a искривление скважин 
610 1 |a роторный способ 
675 |a 622.242.23  |v 4 
702 1 |a Гулизаде  |b М. П.  |4 340 
712 0 2 |a Азербайджанский институт нефти и химии им. М. Азизбекова  |y Баку  |2 stltpush  |3 (RuTPU)RU\TPU\col\11450  |6 (1959-1991) 
801 1 |a RU  |b 63413507  |c 20211123 
942 |c BK